| 000 | 00374nam a2200145Ia 4500 | ||
|---|---|---|---|
| 008 | 151213s9999 xx 000 0 und d | ||
| 100 | _aJodunath Sarkar | ||
| 245 |
_aThe history of Bengal (Muslim) _bMuslim _cJodunath Sarkar |
||
| 260 |
_aDhaka _bUniversity of Dhaka |
||
| 300 | _a986 p. | ||
| 650 | _aHistory | ||
| 650 | _aHistory | ||
| 700 | _aJodunath Sarkar | ||
| 999 |
_c995 _d995 |
||